000 00333 a2200157 4500
001 60759
020 _a8501049255
040 _cAnchieta - Pituba
100 _aSilva, Myltainho Severiano da
240 1 0 _aSe liga!
_lpor
245 1 0 _aSe liga!
300 _a250
362 0 _a1998
650 4 _aAbuso de substâncias
942 _cBK
999 _c60759
_d60759